MARC

LEADER 00000nam0a2200000 4500
001 63679
005 20231101212100.0
035 |a (RuTPU)RU\TPU\book\67578 
090 |a 63679 
100 |a 20040519d1987 k y0rusy50 ca 
101 0 |a rus 
102 |a RU 
105 |a a z 001zy 
200 1 |a Динамический анализ микроструктурных ориентировок минералов  |f А. Н. Казаков  |g Академия Наук СССР, Институт геологии и геохронологии докембрия; Под ред. Ю. М. Соколова 
210 |a Ленинград  |c Наука  |d 1987 
215 |a 272 с.  |c ил.  |e 2 л. схемы 
320 |a Библиогр.: с. 251-269. 
606 1 |a Минералы  |x Микроструктурный анализ  |2 stltpush  |3 (RuTPU)RU\TPU\subj\43948  |9 63361 
610 1 |a геология 
610 1 |a карбонаты 
610 1 |a кальцит 
610 1 |a доломит 
610 1 |a биотит 
610 1 |a мусковит 
610 1 |a роговая обманка 
610 1 |a диопсид 
610 1 |a плагиоклазы 
610 1 |a кварц 
675 |a 549.08:548  |v 3 
700 1 |a Казаков  |b А. Н.  |g Анатолий Николаевич 
702 1 |a Соколов  |b Ю. М.  |4 340 
712 0 2 |a Академия наук СССР  |b Институт геологии и геохронологии докембрия (ИГГД АН СССР)  |c (Ленинград)  |2 stltpush  |3 (RuTPU)RU\TPU\col\11390 
801 1 |a RU  |b 63413507  |c 20040519  |g PSBO 
801 2 |a RU  |b 63413507  |c 20130402  |g PSBO 
942 |c BK